00374nam a22001337a 450000500170000000800410001704100130005808200130007110000120008424500400009626000540013630000240019065000260021420240705131840.0240705b |||||||| |||| 00| 0 eng d aEnglish  a349 PRE  lEnglish aPrentice Hall Weekly Legal Service  aDurban:bPrentice Hall Services (Pty) Ltd, c1937 b127 pages; c26 cm. aLegal practice bLaw